The poetry and prose of William Blake / (Record no. 9798)

MARC details
000 -LEADER
fixed length control field 00859nam a22002537a 4500
001 - CONTROL NUMBER
control field 9798
003 - CONTROL NUMBER IDENTIFIER
control field FISKH
005 - DATE AND TIME OF LATEST TRANSACTION
control field 20260225163040.0
008 - FIXED-LENGTH DATA ELEMENTS--GENERAL INFORMATION
fixed length control field 260225b cb ||||| |||| 00| 0 eng d
020 ## - INTERNATIONAL STANDARD BOOK NUMBER
International Standard Book Number 9780385152136
040 ## - CATALOGING SOURCE
Original cataloging agency FISKH
Language of cataloging eng
Transcribing agency FISKH
Modifying agency FISKH
050 ## - LIBRARY OF CONGRESS CALL NUMBER
Classification number PR4141 .E7
082 ## - DEWEY DECIMAL CLASSIFICATION NUMBER
Classification number 821.7
100 ## - MAIN ENTRY--PERSONAL NAME
Personal name Blake , William
245 ## - TITLE STATEMENT
Title The poetry and prose of William Blake /
Statement of responsibility, etc. by William Blake : Edited by David V.Erdman : Commentary by Harold Bloom
250 ## - EDITION STATEMENT
Edition statement Newly Revised Edition
260 ## - PUBLICATION, DISTRIBUTION, ETC.
Place of publication, distribution, etc. New York :
Name of publisher, distributor, etc. Vintage Books ,
Date of publication, distribution, etc. 1965 .
300 ## - PHYSICAL DESCRIPTION
Extent 990 pages :
Other physical details illustrations ;
Dimensions 23 cm .
520 ## - SUMMARY, ETC.
Summary, etc. Critical commentary illuminating Blake's allusions and references accompanies the texts of his poetic and prose works.
650 ## - SUBJECT ADDED ENTRY--TOPICAL TERM
Topical term or geographic name entry element Romanticism
Form subdivision Fiction
650 ## - SUBJECT ADDED ENTRY--TOPICAL TERM
Topical term or geographic name entry element 18th Century
Form subdivision Fiction
942 ## - ADDED ENTRY ELEMENTS (KOHA)
Source of classification or shelving scheme Dewey Decimal Classification
Koha item type Books
Suppress in OPAC No
Holdings
Withdrawn status Lost status Source of classification or shelving scheme Damaged status Not for loan Collection Home library Current library Shelving location Date acquired Total Checkouts Full call number Barcode Date last seen Price effective from Koha item type
    Dewey Decimal Classification     Fiction Footprints International School Library Network Toul Tom Poung Campus Footprints International School Library Network Toul Tom Poung Campus TTP Secondary Fiction Bookshelves 02/25/2026   BLA 821.7 PR4141 .E7 2026-0272 02/25/2026 02/25/2026 Books